Un mismo vuelo: Premio Natalicio Ermelinda Díaz 2015

Guardat en:
Dades bibliogràfiques
Autor principal: Díaz, Olga María (Autor)
Format: Llibre
Idioma:espanyol
Publicat: Valparaíso Ediciones Universitarias de Valparaíso 2015
Edició:1a. ed
Matèries:
Etiquetes: Afegir etiqueta
Sense etiquetes, Sigues el primer a etiquetar aquest registre!

MARC

LEADER 00000cam a2200000 a 4500
001 UCD1281
003 CL-VaPUC
008 160121e20150600cl |||||||||||||||||spa|d
020 |a 9789561706446 
082 0 4 |a Ch861  |b DIA  |2 21 
100 0 |a Díaz, Olga María  |e author  |9 584383 
245 1 3 |a Un mismo vuelo: Premio Natalicio Ermelinda Díaz 2015 
250 |a 1a. ed 
300 |a 150 p 
942 |c BK 
945 |d 20160121 16:41:00  |a arojas 
260 |a Valparaíso  |b Ediciones Universitarias de Valparaíso  |c 2015 
650 0 |a Poesías chilenas   |9 265280 
650 0 |a Literatura chilena   |9 308278 
583 |a last modification  |c 20160121 16:41:00  |k Rodrigo Vera 
999 |c 362648  |d 362646 
952 |0 0  |1 0  |3 erb  |4 0  |6 CH_861_000000000000000_DIA_2015  |7 0  |8 A  |9 474066  |a BIBEDU  |b BIBEDU  |c ES_NOD  |i 5263700  |o Ch861 DIA 2015  |p 5263700  |r 2023-08-09  |w 2019-11-24  |y BK  |z Catalogado en:20160121  |k LIT